Państwa Europy po kolorach flag - Statystyki

Ogólne statystyki
  • Ten quiz został rozwiązany 11 razy
  • Średni wynik to 38 z 44
Statystyki odpowiedzi
Kolor Kolor Kolor Państwo % Poprawnych
. Francja
100%
. X Polska
100%
. . X Albania
90%
. Andora
90%
. Austria
90%
. Belgia
90%
. Białoruś
90%
. Czechy
90%
. Estonia
90%
. X Finlandia
90%
. Hiszpania
90%
. Irlandia
90%
. Islandia
90%
. Litwa
90%
. Łotwa
90%
. Luksemburg
90%
. Niemcy
90%
. Norwegia
90%
. Rosja
90%
. Rumunia
90%
. Serbia
90%
. Słowacja
90%
. Słowenia
90%
. X Szwecja
90%
. X Ukraina
90%
. X Watykan
90%
. Włochy
90%
. X Bośnia i Hercegowina
80%
. Bułgaria
80%
. Chorwacja
80%
. X Dania
80%
. X Grecja
80%
. Holandia
80%
. X Liechtenstein
80%
X Malta
80%
Mołdawia
80%
. X Monako
80%
. X Portugalia
80%
. X San Marino
80%
. X Szwajcaria
80%
. Węgry
80%
.. X Macedonia
70%
. Wielka Brytania
70%
. X Czarnogóra
60%
Nie znaleziono quizów pasujących do podanych kryteriów
Rozkład punktacji
Procent ludzi z każdym wynikiem
Percentyl według liczby udzielonych odpowiedzi
Twoja historia wyników
Nie rozwiązałeś tego quizu